Potencialidad de nuevos servicios de transporte multimodal
Salvato in:
| Ente Autore: | |
|---|---|
| Natura: | Libro |
| Lingua: | spagnolo |
| Pubblicazione: |
Madrid
Fundación de los Ferrocarriles Españoles
1994
|
| Soggetti: | |
| Tags: |
Aggiungi Tag
Nessun Tag, puoi essere il primo ad aggiungerne!!
|
MARC
| LEADER | 00000nam a2200000 a 4500 | ||
|---|---|---|---|
| 001 | UCS6259 | ||
| 003 | CL-VaPUC | ||
| 005 | 20250402121244.0 | ||
| 008 | 970917e19940000sp 1 spa d | ||
| 082 | 0 | 4 | |a 625.24 |b FUN |2 21 |
| 110 | 2 | |a Fundación de los Ferrocarriles Españoles |e author |9 618526 | |
| 245 | 1 | 0 | |a Potencialidad de nuevos servicios de transporte multimodal |
| 260 | |a Madrid |b Fundación de los Ferrocarriles Españoles |c 1994 | ||
| 300 | |a 354 p | ||
| 583 | |a last modification |c 19970917 00:00:00 |k Rodrigo Vera | ||
| 650 | 0 | 0 | |a Ferrocarriles |9 260933 |
| 650 | 0 | 7 | |a SISTEMA DE COMUNICACION |2 CL-VaPUC |9 497243 |
| 650 | 0 | 0 | |a Medios de transporte |9 260938 |
| 650 | 0 | 7 | |a MERCANCIAS |2 CL-VaPUC |9 376004 |
| 650 | 0 | 0 | |a Transporte Ferroviario |9 353259 |
| 650 | 0 | 0 | |a Transporte de mercancias |9 358742 |
| 942 | |c BK | ||
| 945 | |a jquezada |d 19970917 00:00:00 | ||
| 546 | |a En Español | ||
| 536 | |a Fundación de los Ferrocarriles Españoles | ||
| 518 | |p Potencialidad de nuevos servicios de transporte multimodal | ||
| 999 | |c 382994 |d 382992 | ||
| 952 | |0 0 |1 0 |4 0 |6 625_240000000000000_FUN_1994 |7 0 |8 A |9 504965 |a BIBING |b BIBING |d 2020-01-23 |i 3349969 |o 625.24 FUN 1994 |p 3349969 |r 2025-01-20 |w 2020-01-23 |y BK |k TRA | ||